Pokémon - Les attaques de Gueriaigle - Statistiques

Statistiques générales
  • Ce quiz a été pris 16 fois
  • Le résultat moyen est 9 sur 15
Statistiques - réponses
Niveaux Types Noms des attaques % Correct
Départ Vol Cru-Ailes
92%
Départ Normal Groz'Yeux
83%
Départ Vol Picpic
83%
Niveau 30 Vol Aéropique
75%
Niveau 57 Vol Lame d'Air
75%
Départ Vol Piqué
75%
Niveau 42 Normal Cyclone
58%
Niveau 18 Vol Vent Arrière
58%
Niveau 48 Normal Éclate Griffe
50%
Évolution Combat Surpuissance
50%
Niveau 64 Vol Anti-Brume
42%
Niveau 72 Normal Mania
42%
Niveau 36 Normal Tranche
42%
Départ Ténèbres Aiguisage
33%
Niveau 24 Normal Grimace
25%
Aucun quiz correspondant
Distribution des résultats
% des personnes avec chaque résultat
Percentile par nombre de réponses
Votre historique - résultats
Vous n’avez pas pris ce quiz